Contractors' salaries (Record no. 79289)

MARC details
000 -LEADER
fixed length control field 00986cab a22002055a 4500
001 - CONTROL NUMBER
control field L140502
008 - FIXED-LENGTH DATA ELEMENTS--GENERAL INFORMATION
fixed length control field 070926e20070921xxk f 000 0 eng d
035 ## - SYSTEM CONTROL NUMBER
System control number (Sirsi) u140502
041 0# - LANGUAGE CODE
Language code of text/sound track or separate title eng
100 1# - MAIN ENTRY--PERSONAL NAME
Personal name Handley, Lucy
245 00 - TITLE STATEMENT
Title Contractors' salaries
Remainder of title London is for losers
260 ## - PUBLICATION, DISTRIBUTION, ETC.
Date of publication, distribution, etc. 2007
490 #0 - SERIES STATEMENT
Series statement Building
Volume/sequential designation 272(8498) 21 September 2007, 38-41(4)
520 ## - SUMMARY, ETC.
Summary, etc. Discusses results from the 2007 "Hays Construction/"Building" contractors' salaries guide", which reveals that the north-south divide in construction salary levels has almost disappeared. Salary tables show average pay for quantity surveyors, estimators, contract/project managers, planners, site agents/foremen, health and safety workers, engineers, and buyers. Salaries are broken down by UK region.
590 ## - LOCAL NOTE (RLIN)
Local note KA
650 24 - SUBJECT ADDED ENTRY--TOPICAL TERM
Topical term or geographic name entry element HAYS CONSTRUCTION/BUILDING CONTRACTORS' SALARIES GUIDE
651 #4 - SUBJECT ADDED ENTRY--GEOGRAPHIC NAME
Geographic name United Kingdom
Chronological subdivision
690 ## - LOCAL SUBJECT ADDED ENTRY--TOPICAL TERM (OCLC, RLIN)
Topical term or geographic name as entry element CAREERS, EDUCATION AND TRAINING-SURVEYING APPOINTMENTS
942 ## - ADDED ENTRY ELEMENTS (KOHA)
Suppress in OPAC 0
Holdings
Withdrawn status Lost status Source of classification or shelving scheme Damaged status Not for loan Home library Current library Shelving location Date acquired Total Checkouts Full call number Barcode Date last seen Copy number Price effective from Koha item type
    Dewey Decimal Classification     London London Journal article 26/09/2007   L140502 140502-1001 06/08/2019 1 06/08/2019 Journal article